Most viewed YouTube videos - Statistics

General Stats
  • This quiz has been taken 30 times
  • The average score is 11 of 30
Answer Stats
Rank Video Uploader/Artist Views(Millions) % Correct
1 Gangnam Style PSY 2583
82%
15 Baby Justin Bieber feat. Ludacris 1383
79%
5 Hello Adele 1555
79%
2 See You Again Wiz Khalifa feat. Charlie Puth 1770
75%
12 Roar Katy Perry 1402
54%
3 Uptown Funk Mark Ronson feat. Bruno Mars 1629
54%
6 Shake It Off Taylor Swift 1486
50%
7 Sorry Justin Bieber 1451
50%
4 Blank Space Taylor Swift 1615
46%
16 Chandelier Sia 1287
46%
10 Dark Horse Katy Perry feat. Juice J 1416
43%
23 Love the Way you Lie Eminem feat. Rihanna 1083
43%
8 Bailando Enrique Iglesias feat. Descemer Bueno and Gente de Zona 1426
36%
13 All About that Bass Megan Trainor 1396
32%
27 Gentleman PSY 962
32%
11 Lean On Major Lazer and Dj Snake feat. MO 1403
32%
25 Let Her Go Passenger 999
32%
18 Counting Stars One Republic 1277
29%
17 Sugar Maroon 5 1278
29%
21 Party Rock Anthem LMFAO feat Lauren Benett and GoonRock 1100
25%
30 Rude MAGIC! 922
25%
28 Wake Me Up Avicii feat. Aloe Blacc 957
25%
19 Love Me Like You Do Ellie Goulding 1113
21%
29 On the Floor Jennifer Lopez feat. Pitbull 943
21%
22 Waka Waka Shakira feat. Freshlyground 1099
21%
24 What Do You Mean? Justin Bieber 1045
18%
20 Thinking Out Loud Ed Sheeran 1117
14%
26 Propuesta indecente Romeo Santos 981
7%
14 Masha and the Bear (Episode 7) Get Movies 1384
4%
9 The Wheels on the Bus LittleBabyBum 1425
4%
No matching quizzes found
Score Distribution
Percent of People with Each Score
Percentile by Number Answered
Your Score History
You have not taken this quiz